[Event "Düsseldorf-Süd - Dormagen"]
[Site "?"]
[Date "2024.03.17"]
[Round "7.7"]
[White "Juegel, Marcel"]
[Black "Heinzel, Thomas"]
[Result "1-0"]
[WhiteElo "2104"]
[BlackElo "1848"]
[PlyCount "21"]
[EventDate "2024.??.??"]
[SourceVersionDate "2020.03.16"]

1. d4 d5 2. Nc3 Nf6 3. Bf4 e6 4. Nb5 Na6 5. e3 c6 6. Nc3 b6 7. Nf3 Be7 8. Ne5 Nb8 9. Qf3 Bb7 10. g4 Nfd7 11. Nxf7 1-0

[Event "Ratingen - Kleve"]
[Site "?"]
[Date "2024.03.17"]
[Round "7.1"]
[White "Bruil, Rembrandt"]
[Black "Skoerys, Fabian"]
[Result "1-0"]
[WhiteElo "2289"]
[BlackElo "1979"]
[PlyCount "61"]
[EventDate "2024.??.??"]
[SourceVersionDate "2020.03.16"]

1. d4 Nf6 2. Nf3 e6 3. c4 b6 4. a3 Bb7 5. Nc3 d5 6. cxd5 exd5 7. g3 Be7 8. Bg2 O-O 9. O-O c5 10. Qc2 Nbd7 11. Rd1 Rc8 12. Bf4 Ne4 13. Qb3 Nxc3 14. bxc3 cxd4 15. cxd4 Nf6 16. Bh3 Ra8 17. Ne5 Bd6 18. a4 Nh5 19. Be3 Qe7 20. a5 Bxe5 21. dxe5 Qxe5 22. axb6 axb6 23. Rxa8 Bxa8 24. Qxb6 Re8 25. Rb1 f5 26. Bd4 Qxe2 27. Bxf5 Qf3 28. Qe6+ Rxe6 29. Bxe6+ Kf8 30. Bc5+ Ke8 31. Rb8# 1-0

[Event "Ratingen- Kleve"]
[Site "?"]
[Date "2024.03.17"]
[Round "7.2"]
[White "Probst, Andreas"]
[Black "Verfuerth, Kevin"]
[Result "1/2-1/2"]
[WhiteElo "2041"]
[BlackElo "2035"]
[PlyCount "28"]
[EventDate "2024.??.??"]
[SourceVersionDate "2020.03.16"]

1. d4 Nf6 2. Nf3 e6 3. g3 d5 4. Bg2 Be7 5. O-O O-O 6. c4 b6 7. cxd5 exd5 8. Nc3 Bb7 9. Bg5 Ne4 10. Bxe7 Qxe7 11. Rc1 Nd7 12. Qb3 Nxc3 13. Rxc3 c6 14. e3 Kh8 1/2-1/2

[Event "Ratingen - Kleve"]
[Site "?"]
[Date "2024.03.17"]
[Round "7.3"]
[White "Wiegersma, Justus"]
[Black "Kaspar, Uwe"]
[Result "1-0"]
[WhiteElo "2014"]
[BlackElo "1937"]
[PlyCount "77"]
[EventDate "2024.??.??"]
[SourceVersionDate "2020.03.16"]

1. e3 g6 2. c4 Bg7 3. d4 d6 4. Nf3 Nf6 5. Be2 Nbd7 6. O-O O-O 7. Nc3 Re8 8. Qc2 c6 9. Rd1 Qc7 10. b4 a5 11. b5 c5 12. d5 b6 13. Bb2 Nf8 14. h3 Bf5 15. Bd3 Bxd3 16. Rxd3 N6d7 17. Ne2 f6 18. Rdd1 Ne5 19. Nd2 Nf7 20. h4 Qd7 21. g3 h5 22. Nf4 f5 23. Bxg7 Kxg7 24. Qc3+ Kh7 25. Nf3 Kh6 26. Re1 e5 27. dxe6 Nxe6 28. Nd5 Qd8 29. Rad1 Rb8 30. e4 f4 31. gxf4 Qc8 32. f5 Nf8 33. Ng5 Qb7 34. Nf6 Nxg5 35. hxg5+ Kxg5 36. Nxe8 Rxe8 37. Qg3+ Kh6 38. Rxd6 Qf7 39. Rxb6 1-0

[Event "Ratingen - Kleve"]
[Site "?"]
[Date "2024.03.17"]
[Round "7.4"]
[White "Gatterer, Matthias"]
[Black "Krebbers, Wilfried"]
[Result "1/2-1/2"]
[WhiteElo "2003"]
[BlackElo "2044"]
[PlyCount "53"]
[EventDate "2024.??.??"]
[SourceVersionDate "2020.03.16"]

1. d4 Nf6 2. Nf3 e6 3. c4 Bb4+ 4. Bd2 Qe7 5. g3 O-O 6. Bg2 a5 7. O-O Bxd2 8. Qxd2 d6 9. Nc3 Bd7 10. e4 e5 11. dxe5 dxe5 12. Nd5 Qd6 13. Nxf6+ Qxf6 14. Qd5 Qb6 15. Nxe5 Be6 16. Qb5 f6 17. Nf3 Nd7 18. Qxb6 Nxb6 19. b3 Rfd8 20. Rad1 c5 21. a4 Kf7 22. Rfe1 Rxd1 23. Rxd1 Nd7 24. Rd2 Ra6 25. Rd3 Rb6 26. Bf1 Ke7 27. Re3 1/2-1/2

[Event "Ratingen - Kleve"]
[Site "?"]
[Date "2024.03.17"]
[Round "7.5"]
[White "Verfuerth, Thomas"]
[Black "Migdal, Benedikt"]
[Result "1/2-1/2"]
[WhiteElo "2000"]
[BlackElo "2065"]
[PlyCount "35"]
[EventDate "2024.??.??"]
[SourceVersionDate "2020.03.16"]

1. c4 c6 2. e4 d5 3. exd5 cxd5 4. cxd5 Nf6 5. Bb5+ Nbd7 6. Nc3 a6 7. Bc4 b5 8. Bb3 b4 9. Nce2 Bb7 10. d4 Nxd5 11. Nf3 e6 12. O-O Bd6 13. Bg5 Qa5 14. Ng3 N5f6 15. Bxf6 Nxf6 16. Ba4+ Kf8 17. Rc1 Rd8 18. Bc6 1/2-1/2

[Event "Ratingen - Kleve"]
[Site "?"]
[Date "2024.03.17"]
[Round "7.6"]
[White "Hoeche, Alexander"]
[Black "Auwens, Michel"]
[Result "1-0"]
[WhiteElo "1930"]
[BlackElo "1861"]
[PlyCount "65"]
[EventDate "2024.??.??"]
[SourceVersionDate "2020.03.16"]

1. d4 Nf6 2. c4 c5 3. d5 b5 4. cxb5 a6 5. e3 g6 6. Nc3 Bg7 7. Nf3 O-O 8. a4 axb5 9. Bxb5 Ba6 10. O-O d6 11. Qd3 Bxb5 12. Nxb5 Nbd7 13. e4 Qb6 14. Bd2 Ng4 15. Bc3 Nge5 16. Nxe5 Nxe5 17. Qe2 f5 18. Kh1 f4 19. f3 g5 20. b3 Rfb8 21. Rab1 Qa6 22. Qc2 Rb7 23. g3 fxg3 24. hxg3 c4 25. bxc4 Qxa4 26. Qxa4 Rxa4 27. Bxe5 Bxe5 28. f4 Bf6 29. Rfc1 Ra2 30. c5 dxc5 31. e5 Bg7 32. Rxc5 gxf4 33. Rc8+ 1-0

[Event "Ratingen - Kleve"]
[Site "?"]
[Date "2024.03.17"]
[Round "7.7"]
[White "Hoenselaar, Dennis"]
[Black "Katz, Rafael"]
[Result "1-0"]
[WhiteElo "1864"]
[BlackElo "2008"]
[PlyCount "61"]
[EventDate "2024.??.??"]
[SourceVersionDate "2020.03.16"]

1. e4 c6 2. c4 d5 3. cxd5 cxd5 4. exd5 Nf6 5. Nc3 g6 6. Bc4 Bg7 7. Nf3 O-O 8. O-O Nbd7 9. d3 Nb6 10. Qb3 Bf5 11. Bg5 Rc8 12. Rfe1 h6 13. Bf4 g5 14. Be5 Nfd7 15. Bxg7 Kxg7 16. Nd4 Bg6 17. Ne4 Kh7 18. Rac1 Nc5 19. Nxc5 Rxc5 20. Nb5 Nxd5 21. d4 Rxc4 22. Qxc4 Nf4 23. Rcd1 Qd7 24. Rd2 Qg4 25. f3 Qd7 26. Nc3 Rc8 27. Qb4 e6 28. Ne4 Kg7 29. Qd6 Qxd6 30. Nxd6 Rc7 31. Ne8+ 1-0

[Event "Ratingen - Kleve"]
[Site "?"]
[Date "2024.03.17"]
[Round "7.8"]
[White "Springer, Ralf"]
[Black "Huysman, Arie"]
[Result "1/2-1/2"]
[WhiteElo "2093"]
[BlackElo "2024"]
[PlyCount "34"]
[EventDate "2024.??.??"]
[SourceVersionDate "2020.03.16"]

1. e4 e5 2. Nf3 Nc6 3. Bc4 Nf6 4. d3 Be7 5. c3 O-O 6. O-O d6 7. Re1 Na5 8. Bb5 c5 9. Nbd2 a6 10. Ba4 b5 11. Bc2 Qc7 12. Nf1 Nc6 13. a4 Be6 14. Bg5 h6 15. Bh4 Nh5 16. Bg3 Nxg3 17. Nxg3 g6 1/2-1/2

[Event "Kamp-Lintfort - Köln 2"]
[Site "?"]
[Date "2024.03.17"]
[Round "7.1"]
[White "Werthebach, Felix"]
[Black "Hagen, Gunter"]
[Result "1/2-1/2"]
[WhiteElo "2260"]
[BlackElo "2139"]
[PlyCount "38"]
[EventDate "2024.??.??"]
[SourceVersionDate "2020.03.16"]

1. c4 c6 2. g3 d5 3. Bg2 Nf6 4. Nf3 e6 5. O-O Bd6 6. d3 O-O 7. Qc2 Qe7 8. e4 dxe4 9. dxe4 e5 10. Nc3 Rd8 11. a3 a5 12. Na4 Nbd7 13. Nh4 Nc5 14. Nb6 Rb8 15. Nxc8 Rbxc8 16. Bh3 Ra8 17. f3 Ne6 18. Bxe6 Bc5+ 19. Kh1 Qxe6 1/2-1/2

[Event "Kamp-Lintfort - Köln 2"]
[Site "?"]
[Date "2024.03.17"]
[Round "7.2"]
[White "Westermann, Johannes"]
[Black "Bonnmann, Reinhard"]
[Result "0-1"]
[WhiteElo "2073"]
[BlackElo "2254"]
[PlyCount "74"]
[EventDate "2024.??.??"]
[SourceVersionDate "2020.03.16"]

1. d4 Nf6 2. Nf3 g6 3. c4 Bg7 4. Nc3 O-O 5. e4 d6 6. Be2 e5 7. d5 a5 8. Bg5 h6 9. Be3 Ng4 10. Bd2 Na6 11. h3 Nf6 12. Be3 Nc5 13. Nd2 Nfd7 14. g4 a4 15. b4 axb3 16. axb3 Rxa1 17. Qxa1 Kh8 18. b4 Na6 19. Qa3 c5 20. dxc6 bxc6 21. b5 cxb5 22. cxb5 Nac5 23. Qa7 Bb7 24. Nc4 Qe7 25. Bxc5 Nxc5 26. Nd5 Qe6 27. O-O Bxd5 28. exd5 Qxd5 29. Rd1 Qe4 30. Bf1 Qf4 31. Nxd6 Ne6 32. b6 e4 33. b7 Be5 34. Bg2 Bxd6 35. Qb6 Be5 36. Qb4 Kg7 37. Bxe4 Ng5 0-1

[Event "Kamp-Lintfort - Köln 2"]
[Site "?"]
[Date "2024.03.17"]
[Round "7.3"]
[White "Raasch, Joerg"]
[Black "Peschges, Paul"]
[Result "1-0"]
[WhiteElo "2284"]
[BlackElo "1929"]
[PlyCount "73"]
[EventDate "2024.??.??"]
[SourceVersionDate "2020.03.16"]

1. d4 d5 2. c4 e6 3. Nf3 Nf6 4. Nc3 a6 5. c5 Be7 6. Bf4 O-O 7. e3 Re8 8. Bd3 Nbd7 9. h3 c6 10. O-O a5 11. Rc1 b6 12. cxb6 Nxb6 13. Ne5 Bd7 14. g4 g6 15. Ne2 Kg7 16. Nxc6 Bxc6 17. Rxc6 Rc8 18. Qc2 Nc4 19. Rxc8 Qxc8 20. b3 Nd6 21. Rc1 Qxc2 22. Rxc2 Rc8 23. Rxc8 Nxc8 24. Bc7 Bb4 25. a3 Bd2 26. Be5 h6 27. h4 Nb6 28. g5 hxg5 29. hxg5 Nbd7 30. gxf6+ Kh6 31. Kf1 Kg5 32. Ng1 Bc1 33. a4 Kh6 34. Ke2 Bb2 35. f4 Kh7 36. Nf3 Kg8 37. Bb5 1-0

[Event "Kamp-Lintfort - Köln 2"]
[Site "?"]
[Date "2024.03.17"]
[Round "7.4"]
[White "Esser, Jochen"]
[Black "Wisskirchen, Andreas"]
[Result "0-1"]
[WhiteElo "2018"]
[BlackElo "2201"]
[PlyCount "62"]
[EventDate "2024.??.??"]
[SourceVersionDate "2020.03.16"]

1. e4 c5 2. Nf3 d6 3. d4 cxd4 4. Nxd4 Nf6 5. Nc3 g6 6. Bc4 Bg7 7. Be3 O-O 8. f3 Nc6 9. Qd2 Bd7 10. O-O-O Ne5 11. Bb3 Qa5 12. Kb1 Rfc8 13. Bh6 Nc4 14. Bxc4 Bxh6 15. Qxh6 Rxc4 16. g4 Qe5 17. Nf5 gxf5 18. gxf5 Kh8 19. f4 Ng8 20. Qxh7+ Kxh7 21. fxe5 Bc6 22. exd6 exd6 23. Rxd6 Bxe4 24. Nxe4 Rxe4 25. Rd7 Re7 26. Rhd1 Rae8 27. b3 Rxd7 28. Rxd7 Re7 29. Rd6 Kg7 30. Kb2 Nf6 31. a4 Rd7 0-1

[Event "Kamp-Lintfort - Köln 2"]
[Site "?"]
[Date "2024.03.17"]
[Round "7.5"]
[White "Schwibbert, Jonas"]
[Black "Schubert, Mario"]
[Result "1-0"]
[WhiteElo "2131"]
[BlackElo "1889"]
[PlyCount "115"]
[EventDate "2024.??.??"]
[SourceVersionDate "2020.03.16"]

1. e4 c5 2. Nf3 Nc6 3. Bb5 a6 4. Bxc6 dxc6 5. O-O Bg4 6. h3 Bh5 7. d3 Qc7 8. Be3 e6 9. Nbd2 Nf6 10. Re1 Nd7 11. a3 Be7 12. Rb1 a5 13. Nf1 O-O 14. Ng3 Bg6 15. Qc1 b5 16. a4 Rfb8 17. h4 f6 18. h5 Bf7 19. h6 g6 20. e5 f5 21. Bg5 Nb6 22. axb5 cxb5 23. c4 Rd8 24. Qc2 b4 25. Rbd1 Rac8 26. b3 Be8 27. Ra1 Bxg5 28. Nxg5 Qe7 29. Nf3 Ra8 30. Red1 a4 31. Qb2 axb3 32. Rxa8 Rxa8 33. Nd2 Rd8 34. Nxb3 Nxc4 35. Qc2 Nxe5 36. Nxc5 Nc6 37. d4 Qf6 38. Ne2 g5 39. Qc4 Bf7 40. Nd7 Rxd7 41. Qxc6 Qe7 42. Rb1 Rb7 43. Qc8+ Be8 44. Nc1 Qd7 45. Qa8 Rc7 46. Nd3 Rc8 47. Qa1 Rb8 48. Rxb4 Rxb4 49. Nxb4 Qa4 50. Qe1 Qd7 51. d5 Kf7 52. Qe5 Kg6 53. d6 Kxh6 54. Nd3 Bg6 55. Qd4 Be8 56. Qf6+ Bg6 57. Ne5 Qa4 58. Nf7+ 1-0

[Event "Porz III - Leverkusen"]
[Site "?"]
[Date "2024.03.17"]
[Round "7.1"]
[White "Esser, Michael"]
[Black "Finke, Kai"]
[Result "1/2-1/2"]
[WhiteElo "2025"]
[BlackElo "2108"]
[PlyCount "85"]
[EventDate "2024.??.??"]
[SourceVersionDate "2020.03.16"]

1. e4 e5 2. Nf3 Nf6 3. Nxe5 d6 4. Nf3 Nxe4 5. d4 d5 6. Bd3 Bd6 7. c4 c6 8. Nc3 Nxc3 9. bxc3 O-O 10. O-O Bg4 11. Re1 Nd7 12. cxd5 cxd5 13. Be2 Re8 14. h3 Bh5 15. Bd2 Qc7 16. Qb3 Nf6 17. Rac1 h6 18. c4 dxc4 19. Bxc4 Rxe1+ 20. Nxe1 Qd7 21. Be3 Rc8 22. Nd3 Rc7 23. Ne5 Bxe5 24. dxe5 Ne4 25. e6 Qe8 26. exf7+ Bxf7 27. Bxf7+ Rxf7 28. Rc7 Kf8 29. Qxb7 Rxc7 30. Qxc7 a6 31. Bd4 Nf6 32. Bxf6 Qe1+ 33. Kh2 gxf6 34. Qd6+ Kg7 35. Qxa6 Qxf2 36. Qb7+ Kg6 37. Qb3 Kh7 38. a3 Qf4+ 39. Qg3 Qa4 40. Qf3 Qa6 41. h4 Qd6+ 42. Qg3 Qd5 43. Qf4 1/2-1/2

[Event "Porz III - Leverkusen"]
[Site "?"]
[Date "2024.03.17"]
[Round "7.3"]
[White "Classen, Harald"]
[Black "Wittig, Till"]
[Result "1-0"]
[WhiteElo "1963"]
[BlackElo "1997"]
[PlyCount "41"]
[EventDate "2024.??.??"]
[SourceVersionDate "2020.03.16"]

1. c4 c5 2. Nc3 Nf6 3. Nf3 e6 4. g3 d5 5. cxd5 exd5 6. d4 Nc6 7. Bg2 Bf5 8. O-O Rc8 9. Bg5 Be7 10. dxc5 O-O 11. Rc1 Re8 12. Nb5 Ne4 13. Bxe7 Rxe7 14. Nbd4 Bg6 15. Bh3 Rb8 16. Qa4 Na5 17. b3 b6 18. cxb6 axb6 19. b4 Nc4 20. Nc6 Qe8 21. Nxe7+ 1-0

[Event "Porz III - Leverkusen"]
[Site "?"]
[Date "2024.03.17"]
[Round "7.4"]
[White "Spindler, Florian"]
[Black "Boehm, Stefan"]
[Result "1-0"]
[WhiteElo "1969"]
[BlackElo "1989"]
[PlyCount "75"]
[EventDate "2024.??.??"]
[SourceVersionDate "2020.03.16"]

1. e4 c5 2. Nf3 e6 3. Nc3 Nc6 4. d4 cxd4 5. Nxd4 Nf6 6. Ndb5 Bc5 7. Nd6+ Ke7 8. Bf4 e5 9. Nf5+ Kf8 10. Bg5 d6 11. Bxf6 Qxf6 12. Nd5 Qd8 13. c3 a5 14. Qf3 g6 15. Nh6 Be6 16. Bc4 Kg7 17. Ng4 f5 18. exf5 gxf5 19. Ngf6 Rf8 20. Nh5+ Kh8 21. O-O-O Rg8 22. Kb1 Rb8 23. Ne3 Bxc4 24. Nxc4 Qf8 25. Ng3 Rg4 26. Ne3 Rf4 27. Qe2 Ne7 28. f3 Rh4 29. Nc4 Qf6 30. Nxa5 d5 31. Rhe1 Bd6 32. Qb5 Rxh2 33. Nxb7 Rxg2 34. Rg1 Rxg1 35. Rxg1 Qg5 36. Nxd6 Rxb5 37. Nf7+ Kg7 38. Nxg5 1-0

[Event "Porz III - Leverkusen"]
[Site "?"]
[Date "2024.03.17"]
[Round "7.5"]
[White "Lessing, Sebastian"]
[Black "Sistig, Max"]
[Result "0-1"]
[WhiteElo "1899"]
[BlackElo "1943"]
[PlyCount "92"]
[EventDate "2024.??.??"]
[SourceVersionDate "2020.03.16"]

1. d4 Nf6 2. Bg5 g6 3. Bxf6 exf6 4. e4 d5 5. exd5 Qxd5 6. Nf3 Nd7 7. Be2 c5 8. c4 Qd6 9. d5 Bg7 10. Nc3 O-O 11. O-O f5 12. Qc2 a6 13. a3 Nf6 14. Rab1 Ne4 15. Na2 Bd7 16. b4 Rfc8 17. Rfd1 b5 18. Qb3 Rab8 19. cxb5 axb5 20. bxc5 Qxc5 21. Rf1 Qc2 22. Bd1 Qxb3 23. Rxb3 g5 24. Re1 g4 25. Nh4 Bd4 26. Re2 Rc5 27. Nb4 Rc1 28. Rd3 Bb6 29. Nc6 Re8 30. g3 Nc3 31. Rxe8+ Bxe8 32. Rxc3 Rxc3 33. Be2 Rc1+ 34. Kg2 Rc2 35. Bxb5 Rxf2+ 36. Kh1 Rd2 37. h3 Rd1+ 38. Kh2 Bg1+ 39. Kg2 Bc5 40. a4 Rd2+ 41. Kh1 Rxd5 42. hxg4 fxg4 43. Ne7+ Bxe7 44. Bxe8 Bxh4 45. gxh4 Rd2 46. Bc6 Kg7 0-1

[Event "Dormagen- Ratingen"]
[Site "?"]
[Date "2024.04.14"]
[Round "8.1"]
[White "Skoerys, Fabian"]
[Black "Harff, Marcel"]
[Result "1/2-1/2"]
[WhiteElo "2006"]
[BlackElo "2314"]
[PlyCount "91"]
[EventDate "2024.??.??"]
[SourceVersionDate "2020.03.16"]

1. e4 c5 2. Nf3 e6 3. d4 cxd4 4. Nxd4 Nf6 5. Bd3 Nc6 6. c3 d5 7. Nxc6 bxc6 8. Nd2 Qb6 9. O-O Ba6 10. Bxa6 Qxa6 11. Re1 Be7 12. b3 O-O 13. e5 Nd7 14. Qg4 Qd3 15. Re3 Qg6 16. Qa4 Rfc8 17. Ba3 Nb6 18. Qa6 Bg5 19. Re2 c5 20. Nf3 Be7 21. Rae1 Rc7 22. Nd2 h5 23. f4 Qf5 24. Rf2 Rd8 25. Nf1 h4 26. Ne3 Qe4 27. Nc2 Qg6 28. Qe2 d4 29. cxd4 cxd4 30. Bxe7 Rxe7 31. Nb4 d3 32. Qe3 Red7 33. Rd2 Nd5 34. Nxd5 Rxd5 35. Qe4 Kh7 36. Kf2 Rd4 37. Qxg6+ fxg6 38. g3 g5 39. Kf3 hxg3 40. hxg3 gxf4 41. gxf4 g5 42. Re4 g4+ 43. Ke3 Rxe4+ 44. Kxe4 Kg6 45. Rxd3 Rxd3 46. Kxd3 1/2-1/2

[Event "Dormagen - Ratingen"]
[Site "?"]
[Date "2024.04.14"]
[Round "8.2"]
[White "Balduan, Markus"]
[Black "Probst, Andreas"]
[Result "0-1"]
[WhiteElo "2264"]
[BlackElo "2041"]
[PlyCount "64"]
[EventDate "2024.??.??"]
[SourceVersionDate "2020.03.16"]

1. Nf3 Nf6 2. c4 g6 3. Nc3 Bg7 4. e4 d6 5. d4 O-O 6. Be3 Nbd7 7. Nd2 e5 8. d5 Ne8 9. Be2 f5 10. f3 Ndf6 11. O-O f4 12. Bf2 h5 13. c5 g5 14. h3 Rf7 15. cxd6 cxd6 16. Nc4 Bh6 17. Nb5 b6 18. Nxa7 Raxa7 19. Nxb6 Ba6 20. Nc4 Bxc4 21. Bxc4 g4 22. fxg4 hxg4 23. hxg4 Nxe4 24. Qd3 Nxf2 25. Rxf2 Bg5 26. Qf3 Bh4 27. Rc2 Bg3 28. Bd3 Qh4 29. Rac1 Nf6 30. Bf5 e4 31. Bxe4 Rfe7 32. Rc8+ Kf7 0-1

[Event "Dormagen - Ratingen"]
[Site "?"]
[Date "2024.04.14"]
[Round "8.3"]
[White "Kaspar, Uwe"]
[Black "Coenen, Michael"]
[Result "0-1"]
[WhiteElo "1921"]
[BlackElo "2324"]
[PlyCount "96"]
[EventDate "2024.??.??"]
[SourceVersionDate "2020.03.16"]

1. Nf3 d5 2. g3 Nf6 3. Bg2 Bg4 4. d3 e6 5. c4 c6 6. O-O Nbd7 7. a3 Be7 8. Nc3 Bxf3 9. exf3 O-O 10. Bg5 h6 11. Bxf6 Bxf6 12. Qc2 Qb6 13. Rac1 Qd4 14. Rfd1 Rfd8 15. b3 Nb6 16. f4 Qxc3 17. Qxc3 Bxc3 18. Rxc3 dxc4 19. bxc4 Na4 20. Rc2 Rd4 21. Bf1 Nc5 22. f3 Rad8 23. Rc3 g5 24. fxg5 hxg5 25. h3 e5 26. g4 e4 27. fxe4 Nxe4 28. Rb3 Nc5 29. Rc3 Kg7 30. Kg2 Ne6 31. Kg3 Nf4 32. Rd2 c5 33. Rd1 b6 34. Rd2 Ng6 35. Rd1 Re8 36. Bg2 Nf4 37. Bf1 Re2 38. Rb3 Ra2 39. Re1 Rd6 40. h4 Ne6 41. hxg5 Nd4 42. Rc3 Kg6 43. Re7 Re6 44. Rxe6+ Nxe6 45. Bg2 Kxg5 46. d4 Nxd4 47. Bf1 Ra1 48. Kf2 Kf4 0-1

[Event "Dormagen - Ratingen"]
[Site "?"]
[Date "2024.04.14"]
[Round "8.4"]
[White "Litwak, Aleksej"]
[Black "Gatterer, Matthias"]
[Result "1/2-1/2"]
[WhiteElo "2236"]
[BlackElo "2004"]
[PlyCount "85"]
[EventDate "2024.??.??"]
[SourceVersionDate "2020.03.16"]

1. e4 e6 2. d4 d5 3. Nd2 c5 4. Ngf3 cxd4 5. Nxd4 Nf6 6. exd5 Nxd5 7. N2f3 Be7 8. Bc4 O-O 9. O-O Bf6 10. Re1 a6 11. Bb3 Re8 12. c4 Nb4 13. a3 N4c6 14. Be3 Nxd4 15. Nxd4 Bd7 16. Qc2 Nc6 17. Rad1 Qc7 18. Nf3 h6 19. Ba2 Ne7 20. Nd4 e5 21. Ne2 Nf5 22. Nc3 Nxe3 23. Rxe3 Bc6 24. Qf5 Qc8 25. Qd3 Rd8 26. Nd5 Bxd5 27. cxd5 Rd6 28. Re2 Qd7 29. Rc2 Rc8 30. Rdc1 Rxc2 31. Qxc2 Bg5 32. Qc8+ Kh7 33. Qxd7 Rxd7 34. Rd1 Bd8 35. g4 g6 36. Kg2 Kg7 37. Kf3 f5 38. h3 Kf6 39. Rc1 Bb6 40. Rc8 Bd8 41. b4 e4+ 42. Kg3 Ke5 43. gxf5 1/2-1/2

[Event "Dormagen - Ratingen"]
[Site "?"]
[Date "2024.04.14"]
[Round "8.5"]
[White "Liedtke, Dirk"]
[Black "Wimmer, Juergen"]
[Result "1/2-1/2"]
[WhiteElo "2084"]
[BlackElo "2189"]
[PlyCount "107"]
[EventDate "2024.??.??"]
[SourceVersionDate "2020.03.16"]

1. c4 c5 2. g3 Nc6 3. Bg2 g6 4. Nc3 Bg7 5. a3 a5 6. e3 d6 7. Nge2 e5 8. d3 Nge7 9. O-O O-O 10. Bd2 Rb8 11. Rb1 Be6 12. e4 Qd7 13. Nd5 b5 14. cxb5 Rxb5 15. Nec3 Rb7 16. Nxe7+ Nxe7 17. Nd5 Bxd5 18. exd5 a4 19. Bc3 Rb3 20. Qe2 Nc8 21. f4 exf4 22. Bxg7 Kxg7 23. Rxf4 Nb6 24. Rbf1 Nc8 25. R1f2 Ne7 26. d4 cxd4 27. Rxd4 Nf5 28. Re4 Qa7 29. g4 Re3 30. Rxe3 Nxe3 31. Qf3 f5 32. h3 Rf7 33. g5 Re7 34. Kh2 Re5 35. Rd2 h6 36. gxh6+ Kxh6 37. Qf4+ g5 38. Qb4 Qe7 39. Qb8 Kg7 40. Rd4 Qf6 41. Rxa4 Re7 42. Ra8 Kh6 43. Qh8+ Qxh8 44. Rxh8+ Kg7 45. Rd8 Rc7 46. Bf3 Rc2+ 47. Kg1 Rxb2 48. Rxd6 g4 49. hxg4 fxg4 50. Re6 Rb1+ 51. Kf2 Rf1+ 52. Kxe3 Rxf3+ 53. Kd4 Rxa3 54. Re3 1/2-1/2

[Event "Dormagen - Ratingen "]
[Site "?"]
[Date "2024.04.14"]
[Round "8.6"]
[White "Juegel, Marcel"]
[Black "Hoeche, Alexander"]
[Result "1-0"]
[WhiteElo "2132"]
[BlackElo "1938"]
[PlyCount "127"]
[EventDate "2024.??.??"]
[SourceVersionDate "2020.03.16"]

1. d4 Nf6 2. Nc3 d5 3. Bf4 e6 4. Nb5 Na6 5. e3 Be7 6. Bd3 c6 7. Nc3 O-O 8. g4 Nb4 9. g5 Nxd3+ 10. cxd3 Ne8 11. Qh5 Qb6 12. Rb1 c5 13. dxc5 Bxc5 14. d4 Bb4 15. Nge2 Nd6 16. a3 Bxc3+ 17. Nxc3 Nc4 18. Qd1 Rd8 19. Qa4 Bd7 20. Qb4 Qxb4 21. axb4 Rac8 22. Na2 f6 23. gxf6 gxf6 24. Rg1+ Kf7 25. b3 Na3 26. Rb2 Rg8 27. Rxg8 Kxg8 28. Kd2 Kf7 29. Nc3 a6 30. Ra2 Nb5 31. Na4 Rc6 32. Ra1 Nc7 33. Rg1 Ne8 34. Nc5 Bc8 35. f3 Rb6 36. Kc3 Rc6 37. b5 axb5 38. Kb4 b6 39. Kxb5 bxc5 40. Kxc6 cxd4 41. exd4 Ng7 42. Ra1 Nf5 43. Ra7+ Kg6 44. Kc5 Nh4 45. b4 Nxf3 46. Bg3 h5 47. b5 h4 48. Bb8 Kf5 49. Rc7 Ke4 50. Rxc8 Nxd4 51. b6 e5 52. b7 Nf3 53. Bc7 d4 54. b8=Q d3 55. Rh8 Ke3 56. Qb1 Ke2 57. Ba5 e4 58. Rxh4 e3 59. Rg4 Nd2 60. Bxd2 exd2 61. Re4+ Kf2 62. Qxd3 d1=Q 63. Qg3+ Kf1 64. Rf4+ 1-0

[Event "Dormagen - Ratingen"]
[Site "?"]
[Date "2024.04.14"]
[Round "8.7"]
[White "Katz, Rafael"]
[Black "Bouaraba, Max"]
[Result "1-0"]
[WhiteElo "1980"]
[BlackElo "2152"]
[PlyCount "71"]
[EventDate "2024.??.??"]
[SourceVersionDate "2020.03.16"]

1. d4 Nf6 2. Nc3 d5 3. Bf4 c6 4. e3 e6 5. Bd3 Bd6 6. Nf3 Bxf4 7. exf4 c5 8. dxc5 Qc7 9. Qd2 Qxc5 10. O-O Nc6 11. Rfe1 O-O 12. Ne5 a6 13. a3 b5 14. Rad1 Rd8 15. Qe2 Bb7 16. Qf3 b4 17. Ne2 bxa3 18. bxa3 Nxe5 19. fxe5 Ne4 20. Ng3 Nc3 21. Ra1 h6 22. Nh5 Qe7 23. Qh3 Ne4 24. Re3 Rac8 25. Rae1 Rc3 26. f4 Qc5 27. Qg4 g6 28. Nf6+ Nxf6 29. exf6 Qd4 30. Bxg6 Qxf6 31. Rxc3 Qxc3 32. Bxf7+ Kf8 33. Qxe6 Qc5+ 34. Kh1 Qd6 35. Qf5 Bc6 36. Bg6+ 1-0

[Event "Dormagen - Ratingen "]
[Site "?"]
[Date "2024.04.14"]
[Round "8.8"]
[White "Block, Wolfgang"]
[Black "Meis, Carsten"]
[Result "1/2-1/2"]
[WhiteElo "2091"]
[BlackElo "2070"]
[PlyCount "88"]
[EventDate "2024.??.??"]
[SourceVersionDate "2020.03.16"]

1. d4 Nf6 2. c4 g6 3. Nc3 Bg7 4. e4 d6 5. f3 O-O 6. Be3 c6 7. Qd2 Nbd7 8. O-O-O Qa5 9. Kb1 Re8 10. Nge2 b5 11. Nc1 a6 12. g4 h5 13. g5 Nh7 14. f4 Nb6 15. Nb3 Qb4 16. c5 Nc4 17. Bxc4 bxc4 18. Nc1 Rb8 19. Ka1 dxc5 20. a3 Qa5 21. dxc5 Bg4 22. Rdf1 Rb7 23. N1a2 Reb8 24. Rb1 Nf8 25. Qc2 Rb3 26. h3 Bc8 27. Qe2 Be6 28. Rhd1 Nd7 29. Qf2 Bxh3 30. f5 Ne5 31. Qg3 Bg4 32. Bd4 Bxd1 33. Bxe5 Bxe5 34. Qxe5 Bc2 35. fxg6 Bxb1 36. gxf7+ Kxf7 37. g6+ Kxg6 38. Qe6+ Kg7 39. Qxe7+ Kg8 40. Qe6+ Kf8 41. Qf6+ Ke8 42. Qxc6+ Kf8 43. Qf6+ Kg8 44. Qg6+ Kf8 1/2-1/2

[Event "Kleve - Lasker Köln 2"]
[Site "?"]
[Date "2024.04.14"]
[Round "8.1"]
[White "di Franco, Patricio"]
[Black "Wiegersma, Justus"]
[Result "1-0"]
[WhiteElo "2038"]
[BlackElo "2022"]
[PlyCount "61"]
[EventDate "2024.??.??"]
[SourceVersionDate "2020.03.16"]

1. Nf3 b6 2. g3 Bb7 3. Bg2 d5 4. O-O Nf6 5. c4 dxc4 6. Na3 e6 7. Nxc4 Be7 8. Qa4+ c6 9. Nce5 b5 10. Qc2 O-O 11. d4 Qb6 12. a3 c5 13. dxc5 Qxc5 14. Qxc5 Bxc5 15. Rd1 Bd5 16. Bf4 Bb6 17. Rac1 Ne4 18. Nd3 Nc6 19. Ng5 Nxg5 20. Bxd5 Nh3+ 21. Kg2 Nxf4+ 22. Nxf4 exd5 23. Rxc6 Rac8 24. Nxd5 Rxc6 25. Ne7+ Kh8 26. Nxc6 Rc8 27. Nd4 g6 28. e3 Kg7 29. Kf3 Kf6 30. Nxb5 Rc2 31. b4 1-0

[Event "Kleve - Lasker Köln 2"]
[Site "?"]
[Date "2024.04.14"]
[Round "8.2"]
[White "Krebbers, Wilfried"]
[Black "Strohmeyer, Jochen"]
[Result "1-0"]
[WhiteElo "2043"]
[BlackElo "2145"]
[PlyCount "65"]
[EventDate "2024.??.??"]
[SourceVersionDate "2020.03.16"]

1. b4 c6 2. e3 Qb6 3. a3 a5 4. b5 g6 5. Bb2 Nf6 6. c4 Bg7 7. d4 cxb5 8. cxb5 a4 9. Nf3 d6 10. Nc3 Qa5 11. Bd3 Be6 12. O-O Bb3 13. Qe2 Nbd7 14. Nd2 O-O 15. Nxb3 axb3 16. Qd1 e5 17. Qxb3 exd4 18. exd4 Nb6 19. Rfd1 d5 20. Be2 Rfd8 21. Bf3 Rac8 22. Rac1 Rc7 23. g3 Rdc8 24. Nxd5 Nbxd5 25. Bxd5 Nxd5 26. Qxd5 Rxc1 27. Bxc1 Rd8 28. Qxb7 Qa4 29. Qf3 Rxd4 30. Rxd4 Bxd4 31. Bh6 Bg7 32. Bxg7 Kxg7 33. b6 1-0

[Event "Kleve - Lasker Köln 2"]
[Site "?"]
[Date "2024.04.14"]
[Round "8.3"]
[White "Fohler, Claus"]
[Black "Brandt, Thorsten"]
[Result "1-0"]
[WhiteElo "2238"]
[BlackElo "1934"]
[PlyCount "67"]
[EventDate "2024.??.??"]
[SourceVersionDate "2020.03.16"]

1. d4 e6 2. e4 d5 3. Nc3 Nc6 4. Nf3 Nf6 5. e5 Ne4 6. Nb1 f6 7. Be3 fxe5 8. dxe5 a6 9. Nbd2 Nc5 10. c3 Be7 11. h4 b6 12. Qc2 Nd7 13. Bd3 Nf8 14. b4 Bb7 15. Nb3 Qd7 16. a4 h6 17. Bg6+ Kd8 18. O-O Nxg6 19. Qxg6 Bf8 20. Nbd4 Nxd4 21. Nxd4 Bc8 22. b5 Qe8 23. Qg4 Bd7 24. Rfd1 Kc8 25. Rac1 Kb7 26. c4 dxc4 27. Rxc4 g5 28. Qe4+ Kb8 29. Nc6+ Bxc6 30. Rxc6 Bc5 31. Bxc5 bxc5 32. b6 Qh5 33. bxc7+ Kc8 34. Rcd6 1-0